=LDR 00000nam 2200000 4500 =001 INLIS000000000007906 =005 20130612095833 =008 ***********************************Ind** =035 ##$$0010-061300000007906 =041 ##$$a Ind =082 ##$$a 001.64 =090 ##$$a 001.64, San s =100 ##$$a Santoso, P. Insap =245 ##$$a Struktur dasar menggunakan turbo ascal 6.0, P.Insap Santoso =260 ##$$a 1995 $b Yogyakarta =300 ##$$a xxvii, 53 hlm, 21 cm =650 ##$$a Komputer Turbo pascal 6 =650 ##$$a 0